Missing Word: Lucky Movies Quiz Stats

 Plays Quiz Updated Mar 17, 2018

Challenge
Share
Tweet
Embed
Score 0/14 Timer 02:00
0 Plays Today
Title Missing Word % Correct
The Luck of the _____Irish
86.9%
As Luck _____ Have ItWould
84%
Good _____, and Good LuckNight
83.3%
The ____ Luck ClubJoy
77.4%
_____ My LuckJust
76.8%
Lucky _____ SlevinNumber
72.5%
Good Luck _____Chuck
60.1%
Title Missing Word % Correct
_____ Me LuckWish
56.5%
A Bit of _____ LuckBad
56.2%
_____ It LuckCall
39.4%
The Lucky _____One
26.2%
Better Luck _____Tomorrow
21.5%
_____ LuckyLogan
16.4%
_____ LuckPure
6.2%

Today's Daily Dose

Missing Word
No Snow!

Word Ladder
Wild Cats

On This Day
December 16th II

You're not logged in!

Compare scores with friends on all Sporcle quizzes.
OR
Log In

You Might Also Like...

Show Comments

Extras

Top Quizzes Today


Score Distribution

Your Account Isn't Verified!

In order to create a playlist on Sporcle, you need to verify the email address you used during registration. Go to your Sporcle Settings to finish the process.

Report this User

Report this user for behavior that violates our Community Guidelines.

Details: